00846nam a2200217 a 4500001001000000003000500010005001700015008004100032010001100073011001100084040000900095100003200104245015700136260004100293500006000334502007100394650003000465650002800495650003500523856007000558000112513CHAP20220329144310.0160607s2016 mx a fsm |||||||spa d a108974 a109946 cCHAP1 aPeña Rodríguez, Aarón10aPronóstico de caudales medios diarios con redes neuronales artificiales en el río Turbio, Guanajuato/h[En línea]cpor Aarón Peña Rodríguez. aChapingo, Méx. :bEl autor,c2016. aPara ver el contenido del material haga clic en la liga aTesis (Ing. en Irrigación) -- UACH. Departamento de Irrigación14aInundacioneszGuanajuato.14aModelos neurológicos.14aRedes neuronales artificiales. aFinding aiduhttp://10.13.5.2/tesis/sist112513.pdfzTeclea aquí